000 00701nam a2200289Ia 4500
005 20260324125822.0
008 008 260324s9999 xx 000 0 eng d
020 _a9780203931233
037 _aEBOOK
040 _aCRL
040 _beng
040 _cCRL
041 _2eng
041 _aeng
084 _qCRL
100 _aTerrell Carver; Jernej Pikalo
_91179445
245 0 _aPolitical Language and Metaphor
245 0 _bInterpreting and changing the world
260 _bTaylor and Francis
260 _c2008
365 _a
365 _b240
856 _uhttp://www.taylorfrancis.com/books/9780203931233
942 _cEBOOK
999 _c1775030
_d1775030